000 00938nam a22003017a 4500
001 BR9301009
003 BR-BrBNA
005 20230928094510.0
007 ta
008 230509b bl.||||| |||| 00| 0 por d
040 _aBR-BrBNA
_bpor
_cBiblioteca Nacional de Agricultura
041 _a(Por)
072 _aF34
_b3490
_b3730
090 _ 3490 BR9301009
100 1 _aFreitas, M.H. de
110 1 _aEscola Superior de Agricultura de Lavras, MG (Brasil)
_0Tese (Mestre em Solos e Nutricao de Plantas)
245 1 _aEfeitos de aminoacidos e de peptona sobre o crescimento micelial de Gigaspora gigantea en vitro
260 3 _aLavras, MG (Brasil):
_c1990.
300 _a63 p.
500 _a5 tables; Bibliography p. 50-63 (75 ref.); Summaries (Eng, Por)
650 _aAminoacido
650 _aPeptona
650 _aMicelio
650 _aFungo
650 _aMicorriza
909 _a202309
_bLucia
_c55
_dLucia Elande
942 _cBK
999 _c51033
_d51033